00589pab a2200181 454500008004000000100001800040245007200058260000900130300001000139362001000149650003700159650003600196650002800232773001500260909001000275999001700285952010500302180718b1999 xxu||||| |||| 00| 0 eng d aAhmed, A.K.N. aEconomic liberalisation in China and Russia: contrasting experience c1999 ap.6-9 a9 Oct aEconomic liberalization - Russia aEconomic liberalization - China aEconomic liberalization aMainstream a42739 c42739d42739 00104070aIIPAbIIPAd2018-07-19hVolume no: 37, Issue no: 42pAR43124r2018-07-19w2018-07-19yAR